| 000 | 00786nam a2200229 a 4500 | ||
|---|---|---|---|
| 999 |
_c11032 _d11032 |
||
| 001 | 11032 | ||
| 003 | BD-JhCC | ||
| 005 | 20190727102834.0 | ||
| 008 | 190627b 2018bg a|||| ||a| 000 0 ben d | ||
| 020 | _a984075712X | ||
| 035 | _a(BD-JhCC)11032 | ||
| 040 |
_aBD-JhCC _dBD-JhCC |
||
| 041 | _aben | ||
| 082 |
_a954 _bRAH 2018 |
||
| 100 | _aরহমান, শেখ হাফিজুর | ||
| 245 |
_aভারতবর্ষ এবং বাঙালির স্বশাসন / _c শেখ হাফিজুর রহমান । |
||
| 260 |
_aঢাকাঃ _bবাংলা একাডেমি ঢাকা; _c২০১৮. |
||
| 300 |
_a৫৬৪ পৃঃ . : _bill; _c২২ সেমি. |
||
| 651 |
_aSubcontinent _zIndia |
||
| 942 |
_2ddc _cBK |
||